000 00671nas a2200229 4500
001 BR8304313
003 BR-BrBNA
005 20231205085648.0
007 ta
008 230509b bl.|||p| |||| 00| 00por d
040 _aBR-BrBNA
_bpor
_cBiblioteca Nacional de Agricultura
041 _a(Pt)
072 _aH10
100 1 _aGoellner, C.
245 1 _aDanos e controle da lagarta do trigo [Triticum aestivum, Pseudaletia sequax]
650 _aTRIGO
650 _aLAGARTA
650 _aCONTROLE QUIMICO
773 0 _tCorreio Agricola (Brazil)
_xISSN 0100-3909
_g(1983), (no. 2) p. 535
_wBR8304313
909 _a202311
_bLúcia
_c55
_dLúcia Elande
942 _2AGRIS
_n0
_cANA
999 _c112888
_d112888